| 000 | 01719 a2200229 4500 | ||
|---|---|---|---|
| 001 | 3752 | ||
| 005 | 20260407155430.0 | ||
| 008 | 260407a2005 arg spa d | ||
| 003 | AR-UNSa-BCEJYS | ||
| 040 |
_aAR-UNSa-BCEJYS _bspa _cAR-UNSa-BCEJYS |
||
| 080 |
_a338.2(8) _xPolítica económica. Control de la economía. gestión de la economía. planificación económica en América Latina |
||
| 245 | 1 | 0 |
_aMacroeconomía, comercio y finanzas _ppara reformar las reformas en América Latina |
| 020 | _a958-97647-0-3 | ||
| 250 | _a2a. ed. | ||
| 264 | 1 |
_aSantiago de Chile : _bCEPAL (Comisión Económica para América Latina y el Caribe) _c2005 |
|
| 300 |
_a224 p. _c23 cm. |
||
| 505 | _a1. Introducción - 2. Formación de capital y entorno macroeconómico: bases para un enfoque neoestructuralista - 3. La liberalización comercial y el crecimiento: experiencias recientes en América Latina - 4. La gran crisis de la deuda Latinoamericana: un decenio de ajuste asimétrico - 5. Flujos de capitales y el desarrollo en los años noventa: implicaciones para políticas económicas - 6. Políticas macroeconómicas para el crecimiento - 7. Logros macroeconómicos en la transición democrática en Chile - 8. El comercio intralatinoamericano en los años noventa y su base analítica - 9. El regreso de los capitales privados a América Latina: una recomendación de cautela, en 1992, a los países "exitosos" - 10. El "efecto tequila", sus orígenes y su alcance contagioso | ||
| 942 | _cBK | ||
| 590 | _aniveau_biblio:m niveau_hierar:0 | ||
| 100 | 1 | _aFfrench-Davis Muños, Ricardo | |
| 856 | 4 | 1 |
_uhttps://biblioeco.unsa.edu.ar/pmb/images/libros/Macroeconom?a, comercio y finanzas-l116198.jpg _yImagen de portada _qimage/jpeg |
| 999 |
_c349 _d349 |
||